| 000 | 00584nam a2200169Ia 4500 | ||
|---|---|---|---|
| 005 | 20250508160020.0 | ||
| 008 | 008 250505s9999 xx 000 0 eng d | ||
| 037 | _aBooks to be hide in OPAC | ||
| 040 |
_aFEDL _beng _cFEDL |
||
| 041 |
_aeng _2eng |
||
| 084 |
_a378.42, LON/O _qFEDL |
||
| 245 | 0 | _aAppendix to fifth report of the commissioners : Minutes of evidence october 1911 - January 1912; with appendices and index | |
| 260 |
_aLondon, UK _bHis Majesty's Stationery Office _c1912 |
||
| 300 | _a276p. | ||
| 942 |
_cHB _h378.42, LON/O |
||
| 999 |
_c1361050 _d1361050 |
||